000
00286nam a22001337a 4500
008
181017b xxu||||| |||| 00| 0 eng d
020
_a
9781555425784
041
_a
eng
080
_a
370
100
_a
48
101
_a
EDU
245
_a
Making A Diference
_c
Banta.w
942
_2
udc
_c
BK
999
_c
50067
_d
50067